[Event "Ruhrgebiet Verbandsklasse Gruppe 1 1718"]
[Site "Germany"]
[Date "2018.03.18"]
[Round "8.6"]
[White "Kreitling, Oliver"]
[Black "Schaepers, Lars"]
[Result "1-0"]
[WhiteElo "1805"]
[BlackElo "1715"]
[PlyCount "123"]
[EventDate "2017.09.17"]
[EventType "team-tourn"]
[EventRounds "9"]
[EventCountry "GER"]
[SourceTitle "EXT 2022"]
[Source "ChessBase"]
[SourceDate "2021.10.06"]
[SourceVersion "1"]
[SourceVersionDate "2021.10.06"]
[SourceQuality "1"]
[WhiteTeam "Buer SF"]
[BlackTeam "Drewer SG"]
[WhiteTeamCountry "GER"]
[BlackTeamCountry "GER"]

1. d4 d5 2. c4 e6 3. Nc3 Nf6 4. Bg5 Be7 5. e3 0-0 6. Nf3 c6 7. Qc2 Nbd7 8. cxd5 Nxd5 9. Bxe7 Qxe7 10. a3 Nxc3 11. bxc3 e5 12. g3 e4 13. Nd2 Nf6 14. Bg2 Re8 15. 0-0 Bf5 16. h3 h5 17. Rfb1 Qd7 18. Kh2 Re7 19. Nc4 Nh7 20. h4 Nf6 21. Ne5 Qe6 22. c4 Ng4+ 23. Nxg4 Bxg4 24. Rh1 Qf5 25. Ra2 Rd8 26. Rb2 Rd6 27. c5 Rdd7 28. Qa4 a6 29. Qc2 Qd5 30. a4 Qe6 31. Rb4 Qd5 32. Kg1 Qf5 33. Kf1 Qd5 34. Ke1 Qf5 35. Rf1 Bf3 36. Bxf3 Qxf3 37. Qe2 Qxe2+ 38. Kxe2 f5 39. f3 Rf7 40. fxe4 fxe4 41. Rf4 Rxf4 42. gxf4 Kf7 43. Rb1 Kf6 44. Rg1 Rd5 45. Kf2 a5 46. Kg3 Kf5 47. Kh3 Kf6 48. Rg2 g6 49. Kg3 Kf5 50. Kf2 Kf6 51. Ke2 Kf7 52. Kd2 Kf6 53. Kc3 Kf7 54. Kc4 Kf6 55. Rg5 Rxg5 56. fxg5+ Kf5 57. d5 cxd5+ 58. Kxd5 Kg4 59. Kxe4 Kxh4 60. Kf4 Kh3 61. e4 Kg2 62. e5 1-0

[Event "Ruhrgebiet Verbandsklasse Gruppe 1 1718"]
[Site "Germany"]
[Date "2018.02.25"]
[Round "7.5"]
[White "Schaepers, Lars"]
[Black "Sharma, Rakesh"]
[Result "1-0"]
[WhiteElo "1715"]
[BlackElo "1858"]
[PlyCount "69"]
[EventDate "2017.09.17"]
[EventType "team-tourn"]
[EventRounds "9"]
[EventCountry "GER"]
[SourceTitle "EXT 2022"]
[Source "ChessBase"]
[SourceDate "2021.10.06"]
[SourceVersion "1"]
[SourceVersionDate "2021.10.06"]
[SourceQuality "1"]
[WhiteTeam "Drewer SG"]
[BlackTeam "Welper SV II"]
[WhiteTeamCountry "GER"]
[BlackTeamCountry "GER"]

1. d4 c6 2. c4 d5 3. Nc3 Nf6 4. Nf3 g6 5. Bf4 Bg7 6. e3 0-0 7. Rc1 a6 8. Qb3 dxc4 9. Bxc4 b5 10. Be2 Be6 11. Qc2 Nd5 12. Nxd5 Bxd5 13. 0-0 Qb6 14. Rfd1 Nd7 15. e4 Be6 16. Qxc6 Qxc6 17. Rxc6 Bxa2 18. Ra1 Bc4 19. Bxc4 bxc4 20. Rxc4 Rfc8 21. Rac1 Nb6 22. Rxc8+ Rxc8 23. Rxc8+ Nxc8 24. Kf1 Kf8 25. Ke2 Nd6 26. Kd3 Ke8 27. Bxd6 exd6 28. Kc4 Kd7 29. Kd5 f6 30. Nd2 Bh6 31. Nc4 Bc1 32. b3 h5 33. h3 h4 34. Nxd6 Bf4 35. Nb7 1-0